01237nas a2200205 4545000010006000000050017000060080037000230030015000600400040000750800031001152450032001460220014001782640037001923100624002291000019008536500027008726500023008996500013009228560096009351148520260407193504.0260407s1975####ag###########|||spa#dAR-UNSa-BCEJYS aAR-UNSa-BCEJYSbspacAR-UNSa-BCEJYS a330xEconomía en general10aJournal of public economics a0047-2727 1aAmsterdam :bNorth Hollandc1975 aFrecuencia: Irregular Acceso a texto completo brindado por el Ministerio de Ciencia, Tecnología e Innovación productiva A partir del Vol. 15 Nº 1, se agrega como Editor N.H Stern A partir del Vol. 67 Nº 1, cambian los Editores a R.H. Gordon y J.M. Poterba A partir del Vol. 87 Nº 1, se reemplaza al Editor R.H Gordon por J.M. Boadway A partir del Vol. 90 Nº 6/7, se reemplaza al Editor J.M. Poterbapor E. Saez A partir del Vol. 93 Nº 5/6, se reemplaza al Editor J.M. Boadway por R. Chetty A partir del Vol. 94 Nº 11/12, deja de ser Editor E. Saez A partir del Vol. 95 Nº 9/10, se agrega como Editor E. Saez 1 aAtkinson, A.B. aTeorías económicas aHacienda pública aECONOMIA41uhttps://biblioeco.unsa.edu.ar/pmb/images/revistas/R09811.jpgyImagen de portadaqimage/jpeg